Modern economics

Bibliographic Details
Main Author: Harcharan Singh Khara
Format: Book
Published: Petaling Jaya : Khera Sdn. Bhd , 1986
Edition:2nd ed.
Subjects:

MARC

LEADER 00000cam a2200000 7i4500
001 0000007600
005 20160920.0
040 |a INS 
090 0 0 |a HB171   |b K54 1986 
100 0 |a Harcharan Singh Khara 
245 0 0 |a Modern economics   |c Harcharan Singh Khara 
250 |a 2nd ed. 
260 |a Petaling Jaya :   |b Khera Sdn. Bhd ,   |c 1986 
300 |a 635p. ;   |c 23.5 cm. 
650 0 0 |a Economics 
999 |a 0000021837   |b BOOK   |c Open Shelf   |e Default branch